<?xml version="1.0" encoding="UTF-8"?>
<record
    xmlns:xsi="http://www.w3.org/2001/XMLSchema-instance"
    xsi:schemaLocation="http://www.loc.gov/MARC21/slim http://www.loc.gov/standards/marcxml/schema/MARC21slim.xsd"
    xmlns="http://www.loc.gov/MARC21/slim">

  <leader>01907cam a22002773a 4500</leader>
  <controlfield tag="001">17531</controlfield>
  <controlfield tag="003">PGUSA</controlfield>
  <controlfield tag="005">20140828083356.0</controlfield>
  <controlfield tag="008">060116s2006||||xxu|||||s|||||000 | eng d</controlfield>
  <datafield tag="040" ind1=" " ind2=" ">
    <subfield code="a">PGUSA</subfield>
    <subfield code="b">eng</subfield>
  </datafield>
  <datafield tag="042" ind1=" " ind2=" ">
    <subfield code="a">dc</subfield>
  </datafield>
  <datafield tag="050" ind1=" " ind2="4">
    <subfield code="a">QK</subfield>
  </datafield>
  <datafield tag="100" ind1="1" ind2=" ">
    <subfield code="a">Curtis, William,</subfield>
    <subfield code="d">1746-1799</subfield>
  </datafield>
  <datafield tag="245" ind1="1" ind2="4">
    <subfield code="a">The Botanical Magazine, Vol. 2 ;</subfield>
    <subfield code="b">or, Flower-Garden Displayed</subfield>
    <subfield code="h">[electronic resource] /</subfield>
    <subfield code="c">William Curtis</subfield>
  </datafield>
  <datafield tag="260" ind1=" " ind2=" ">
    <subfield code="b">Project Gutenberg,</subfield>
    <subfield code="c">2006</subfield>
  </datafield>
  <datafield tag="505" ind1="0" ind2=" ">
    <subfield code="a">[37]&#x2014;Chironia Frutescens. -- [38]&#x2014;Viburnum Tinus. -- [39]&#x2014;Franklin's Tartar. -- [40]&#x2014;Trillium sessile. -- [41]&#x2014;Calceolaria pinnata. -- [42]&#x2014;Camellia Japonica. -- [43]&#x2014;Cistus incanus. -- [44]&#x2014;Cyclamen persicum. -- [45]&#x2014;Crocus vernus. -- [46]&#x2014;Leucojum vernum. -- [47]&#x2014;Amaryllis formosissima. -- [48]&#x2014;Narcissus triandrus. -- [49]&#x2014;Soldanella alpina. -- [50]&#x2014;Iris sibirica. -- [51]&#x2014;Narcissus major. -- [52]&#x2014;Gentiana Acaulis. -- [53]&#x2014;Cineraria Lanata. -- [54]&#x2014;Anemone Sylvestris. -- [55]&#x2014;Geranium striatum. -- [56]&#x2014;Geranium Lanceolatum. -- [57]&#x2014;Papaver Orientale. -- [58]&#x2014;Iris Spuria. -- [59]&#x2014;Mesembryanthemum Bicolorum. -- [60]&#x2014;Lathyrus odoratus. -- [61]&#x2014;Iris ochroleuca. -- [62]&#x2014;Centaurea Glastifolia. -- [63]&#x2014;Fragaria monophylla. -- [64]&#x2014;Hemerocallis fulva. -- [65]&#x2014;Clematis integrifolia. -- [66]&#x2014;Passiflora alata. -- [67]&#x2014;Mesembryanthemum pinnatifidum. -- [68]&#x2014;Sempervivum arachnoideum. -- [69]&#x2014;Rosa muscosa. -- [70]&#x2014;Mesembryanthemum Barbatum. -- [71]&#x2014;Statice sinuata. -- [72]&#x2014;Helleborus lividus.</subfield>
  </datafield>
  <datafield tag="506" ind1=" " ind2=" ">
    <subfield code="a">Public domain in the USA.</subfield>
  </datafield>
  <datafield tag="516" ind1=" " ind2=" ">
    <subfield code="a">Electronic text</subfield>
  </datafield>
  <datafield tag="653" ind1=" " ind2=" ">
    <subfield code="a">Plants, Cultivated -- Periodicals</subfield>
  </datafield>
  <datafield tag="653" ind1=" " ind2=" ">
    <subfield code="a">Botanical illustration -- Periodicals</subfield>
  </datafield>
  <datafield tag="653" ind1=" " ind2=" ">
    <subfield code="a">Plants -- Periodicals</subfield>
  </datafield>
  <datafield tag="653" ind1=" " ind2=" ">
    <subfield code="a">Plants, Ornamental -- Periodicals</subfield>
  </datafield>
  <datafield tag="830" ind1=" " ind2="0">
    <subfield code="a">Project Gutenberg</subfield>
    <subfield code="v">17531</subfield>
  </datafield>
  <datafield tag="856" ind1="4" ind2="0">
    <subfield code="u">http://www.gutenberg.org/ebooks/17531</subfield>
  </datafield>
  <datafield tag="942" ind1=" " ind2=" ">
    <subfield code="c">EB</subfield>
  </datafield>
  <datafield tag="999" ind1=" " ind2=" ">
    <subfield code="c">246786</subfield>
    <subfield code="d">246786</subfield>
  </datafield>
  <datafield tag="952" ind1=" " ind2=" ">
    <subfield code="0">0</subfield>
    <subfield code="1">0</subfield>
    <subfield code="4">0</subfield>
    <subfield code="a">GTB</subfield>
    <subfield code="b">GTB</subfield>
    <subfield code="d">2014-08-28</subfield>
    <subfield code="l">0</subfield>
    <subfield code="r">2014-08-28 00:00:00</subfield>
    <subfield code="w">2014-08-28</subfield>
    <subfield code="y">EB</subfield>
  </datafield>
</record>
